000 01054nas a2200337 4500
001 BR2012000064
003 BR-BrBNA
005 20231205115920.0
007 ta
008 230509b bl.|||p| |||| 00| 00por d
040 _aBR-BrBNA
_bpor
_cBiblioteca Nacional de Agricultura
041 _a(En)
072 _aL74; L70
100 1 _aSousa, C.
100 1 _aAbreu, H.
100 1 _aViegas, C.
100 1 _aAzevedo, J.
100 1 _aReis, R.
100 1 _aGomes, M.
100 1 _aDias, I.
245 1 _aSerum total and bone alkaline phosphatase and tartrate-resistant acid phosphatase activities for the assessment of bone fracture healing in dogs
650 _aCÃO
650 _aVETERINÁRIA
650 _aDISTÚRBIO FISIOLÓGICO
650 _aFRATURA
650 _aDIAGNÓSTICO
650 _aFOSFATASE ALCALINA
773 0 _tArquivo Brasileiro de Medicina Veterinária e Zootecnia (Brazil)
_xISSN 0102-0935
_g(Aug 2011), v. 63(4) p. 1007-1011
_wBR2012000064
909 _a202311
_bLúcia
_c55
_dLúcia Elande
942 _2AGRIS
_n0
_cANA
999 _c216289
_d216289